<?xml version="1.0" encoding="UTF-8"?>
<record
    xmlns:xsi="http://www.w3.org/2001/XMLSchema-instance"
    xsi:schemaLocation="http://www.loc.gov/MARC21/slim http://www.loc.gov/standards/marcxml/schema/MARC21slim.xsd"
    xmlns="http://www.loc.gov/MARC21/slim">

  <leader>02625nam a2200253 a 4500</leader>
  <controlfield tag="001">Rebiun19435318</controlfield>
  <controlfield tag="008">990625s2016    us            000 0 eng d</controlfield>
  <datafield tag="020" ind1=" " ind2=" ">
    <subfield code="a">9780692769447</subfield>
  </datafield>
  <datafield tag="040" ind1=" " ind2=" ">
    <subfield code="a">UNAV</subfield>
    <subfield code="c">TBS</subfield>
  </datafield>
  <datafield tag="041" ind1=" " ind2=" ">
    <subfield code="a">English</subfield>
  </datafield>
  <datafield tag="050" ind1=" " ind2=" ">
    <subfield code="a">HF5415.1265</subfield>
  </datafield>
  <datafield tag="100" ind1="1" ind2=" ">
    <subfield code="a">Jantsch, John</subfield>
    <subfield code="e">author</subfield>
    <subfield code="9">5245</subfield>
  </datafield>
  <datafield tag="245" ind1="1" ind2="0">
    <subfield code="a">SEO for Growth </subfield>
    <subfield code="b">: the ultimate guide for marketers, web designers and entrepreneurs </subfield>
    <subfield code="c">/ John Jantsch and Phil Singleton ; foreword by Brian Clark</subfield>
  </datafield>
  <datafield tag="260" ind1=" " ind2=" ">
    <subfield code="a">[Kansas City, MO] : Duct Tape Publishing, [2016].</subfield>
  </datafield>
  <datafield tag="300" ind1=" " ind2=" ">
    <subfield code="a">xvi, 221 pages : illustrations (black and white) ; 23 cm.</subfield>
  </datafield>
  <datafield tag="504" ind1=" " ind2=" ">
    <subfield code="a">Includes bibliographical references (pages 209-218).</subfield>
  </datafield>
  <datafield tag="505" ind1=" " ind2=" ">
    <subfield code="a">1. Defining SEO growth &#x2014; 2. The search engine economy &#x2014; 3. The Google algorithm today &#x2014; 4. The inbound marketing super-weapon &#x2014; 5. Why 99% of new websites fail &#x2014; 6. The strategic advantage &#x2014; 7. It all starts with keywords &#x2014; 8. Building stronger website SEO &#x2014; 9. Link building today &#x2014; 10. Managing reputation and reviews &#x2014; 11. Social media SEO integration &#x2014; 12. SEO awareness and updating &#x2014; 13. Adwords and paying-per-click &#x2014; 14. Google analytics and search console 165 &#x2014; 15. Feeding your optimized website &#x2014; 16. In-house SEO vs. SEO professionals.</subfield>
  </datafield>
  <datafield tag="520" ind1=" " ind2=" ">
    <subfield code="a">Search Engine Optimization, also known as SEO, is how people search and find your website on the Internet. 

SEO is a key growth channel for your business, but the rules of SEO have changed dramatically in recent years.

To grow your business in today&#x2019;s economy, you need a strong online presence. But what does that entail exactly?

Marketing is no longer about mass-market advertising and outbound sales; it&#x2019;s about capturing demand &#x2014; grabbing the attention of people already looking to make a purchase or acquire specific knowledge. To do that, your content needs to be at the top of Internet search results.
Many businesses and marketers toss up a brochure-style website, do a little social media and blog posting (if any), and think they&#x2019;re "doing SEO" &#x2014; but that&#x2019;s not what it takes to get those coveted first page Google rankings.

No longer just another tactic, search engine optimization has become a full-blown channel on par with PR and advertising &#x2014; one you can&#x2019;t afford to ignore. From website designers to business owners, marketers to entrepreneurs, everyone can benefit from understanding and applying SEO best practices.</subfield>
  </datafield>
  <datafield tag="650" ind1=" " ind2="0">
    <subfield code="a">Web search engines</subfield>
    <subfield code="9">7488</subfield>
  </datafield>
  <datafield tag="650" ind1=" " ind2="0">
    <subfield code="a">Web sites</subfield>
    <subfield code="x">Marketing</subfield>
    <subfield code="9">23357</subfield>
  </datafield>
  <datafield tag="650" ind1=" " ind2="0">
    <subfield code="a">Web site development</subfield>
    <subfield code="9">7487</subfield>
  </datafield>
  <datafield tag="700" ind1="1" ind2=" ">
    <subfield code="a">Singleton, Phil</subfield>
    <subfield code="e">author</subfield>
    <subfield code="9">21619</subfield>
  </datafield>
  <datafield tag="942" ind1=" " ind2=" ">
    <subfield code="2">lcc</subfield>
  </datafield>
  <datafield tag="952" ind1=" " ind2=" ">
    <subfield code="0">0</subfield>
    <subfield code="1">0</subfield>
    <subfield code="2">lcc</subfield>
    <subfield code="4">0</subfield>
    <subfield code="7">0</subfield>
    <subfield code="8">CT</subfield>
    <subfield code="a">TBS</subfield>
    <subfield code="b">TBS</subfield>
    <subfield code="d">2019-05-10</subfield>
    <subfield code="l">1</subfield>
    <subfield code="o">HF5415.1265 JAN</subfield>
    <subfield code="p">B01796</subfield>
    <subfield code="r">2026-01-14</subfield>
    <subfield code="s">2025-06-11</subfield>
    <subfield code="t">1</subfield>
    <subfield code="w">2023-03-05</subfield>
    <subfield code="y">1</subfield>
  </datafield>
  <datafield tag="952" ind1=" " ind2=" ">
    <subfield code="0">0</subfield>
    <subfield code="1">0</subfield>
    <subfield code="2">lcc</subfield>
    <subfield code="4">0</subfield>
    <subfield code="7">0</subfield>
    <subfield code="8">CT</subfield>
    <subfield code="a">TBS</subfield>
    <subfield code="b">TBS</subfield>
    <subfield code="d">2025-10-06</subfield>
    <subfield code="l">0</subfield>
    <subfield code="o">HF5415.1265 JAN</subfield>
    <subfield code="p">B07651</subfield>
    <subfield code="r">2025-10-06</subfield>
    <subfield code="t">2</subfield>
    <subfield code="w">2025-10-06</subfield>
    <subfield code="y">1</subfield>
  </datafield>
  <datafield tag="999" ind1=" " ind2=" ">
    <subfield code="c">1915</subfield>
    <subfield code="d">1915</subfield>
  </datafield>
</record>
